[Event "Open Desko Liberec 2020"]
[Site "Liberec"]
[Date "2020.07.20"]
[Round "4"]
[White "Holasek, Pavel"]
[Black "Belaska, Premysl"]
[Result "1/2-1/2"]
[WhiteElo "2065"]
[BlackElo "2224"]
[Annotator "TA"]
[PlyCount "91"]
[EventDate "2020.??.??"]
[EventCountry "CZE"]
[SourceTitle "playchess.com"]
[Source "ChessBase"]
[SourceQuality "1"]

{[%evp 23,91,20,29,35,56,51,59,20,23,19,60,66,64,36,58,56,64,33,53,31,18,0,0,0,0,0,0,-12,-10,-12,-12,-12,-12,-9,-9,-11,-13,-21,-20,-14,0,-17,0,0,0,0,56,63,61,0,0,0,0,0,0,0,0,-6,0,0,0,0,0,0,0,0,0,0,0,0]} 1. d4 Nf6 2. c4 c5 3. d5 b5 4. cxb5 a6 5. bxa6 Bxa6 6. Nc3 d6 7. Nf3 g6 8. e4 Bxf1 9. Kxf1 Bg7 10. h3 Nbd7 11. Kg1 O-O 12. Kh2 Qb6 13. Re1 {[#] A59: Benko/Volga Gambit: White castles by hand.} Rfc8 $146 ({Predecessor:} 13... Rfb8 14. Re2 Ne8 15. Rc2 Nc7 16. Bg5 Na6 17. a3 c4 18. Qf1 Qc7 19. Nd1 Nb6 20. Be3 Nc5 21. Nd2 c3 22. Nxc3 Nca4 23. Nxa4 Qxc2 24. Nxb6 Rxb6 {1-0 (45) Grishchenko,S (2498)-Dobrov,V (2492) Sochi 2012}) 14. Re2 Ne8 15. Be3 {White is slightly better.} Qa6 16. Rc1 Nc7 17. b3 Re8 18. Na4 Nb5 19. Qd3 Qb7 20. Rce1 e6 21. Bf4 (21. dxe6 {is more complex.} Rxe6 22. Bf4 Rae8 23. Kg1 Qc6 24. Bc1) 21... exd5 22. Qxd5 Qxd5 23. exd5 Rxe2 24. Rxe2 Nf6 25. Nb6 Ra6 26. Nc4 Nc3 27. Re1 Bf8 28. a4 Ncxd5 29. Bd2 Nc7 30. a5 d5 31. Nb6 Ne4 32. Bf4 Bd6 33. Rxe4 {[%mdl 64] [#] Remove Defender} dxe4 34. Bxd6 exf3 (34... Nb5 $11 35. Bxc5 exf3) 35. Bxc7 $14 {Threatens to win with Nd5.} Rxa5 36. Nc4 ({Better is} 36. g4 $1 $14) 36... Rb5 $11 {The position is equal.} 37. Nd2 fxg2 38. Kxg2 f5 39. Kf3 Kf7 40. Ke3 Ke6 41. Kd3 Kd5 42. Bf4 Rb4 43. Bg5 h6 44. Bxh6 Rh4 45. Bg5 Rxh3+ 46. Ke2 {Accuracy: White = 85%, Black = 92%.} 1/2-1/2

[Event "Open Desko Liberec 2020"]
[Site "Liberec"]
[Date "2020.07.20"]
[Round "4"]
[White "Cermak, Jan"]
[Black "Buchcar, Tomas"]
[Result "1/2-1/2"]
[WhiteElo "2019"]
[BlackElo "2172"]
[Annotator "TA"]
[PlyCount "54"]
[EventDate "2020.??.??"]
[EventCountry "CZE"]
[SourceTitle "playchess.com"]
[Source "ChessBase"]
[SourceQuality "1"]

{[%evp 9,54,0,44,0,14,0,0,0,0,0,-1,-52,-45,-54,-53,-62,-41,-41,0,0,0,0,0,0,19,0,12,9,17,17,20,23,25,0,8,-62,-10,-44,0,0,11,0,0,-35,-40,-56,0]} 1. e4 c5 2. Nf3 e6 3. d4 cxd4 4. Qxd4 Nc6 5. Qe3 d6 6. Nc3 {B40: Sicilian: 2...e6, Unusual lines.} Nf6 7. Bd3 Be7 8. b3 {The position is equal.} O-O {[#]} 9. Bb2 $146 ({Predecessor:} 9. O-O a6 10. Bb2 Bd7 11. Rad1 Qc7 12. Rfe1 Rac8 13. Ne2 Nb4 14. c4 Ng4 15. Qd2 Nxd3 16. Qxd3 {0-1 (25) Van der Merwe,F (1406)-Cornacchini,G (1393) IECC email 1998}) 9... a6 10. O-O-O (10. O-O $11) 10... Qc7 $15 11. Kb1 b5 12. h3 Bb7 13. g4 Rfc8 14. g5 $36 {[%mdl 2048] Black is under pressure.} Nd7 15. h4 Nce5 16. Nxe5 Nxe5 17. Rh3 Qc5 18. Qe2 Bc6 19. f4 Nxd3 20. Qxd3 a5 21. Ne2 b4 22. Ng3 (22. Nd4 $11) 22... Bb5 (22... a4 $15) 23. Qd2 $1 $11 Bf8 24. h5 Rc7 25. h6 {[#] Nh5 is the strong threat.} g6 $1 26. Bd4 Qc6 27. Bb2 Qc5 {Accuracy: White = 73%, Black = 78%.} (27... a4 $1 $15 28. Rh2 Qa6) 1/2-1/2

[Event "Open Desko Liberec 2020"]
[Site "Liberec"]
[Date "2020.07.21"]
[Round "5"]
[White "Bures, Jaroslav"]
[Black "Kucera, Petr"]
[Result "1-0"]
[WhiteElo "2382"]
[BlackElo "2230"]
[Annotator "TA"]
[PlyCount "133"]
[EventDate "2020.??.??"]
[EventCountry "CZE"]
[SourceTitle "playchess.com"]
[Source "ChessBase"]
[SourceQuality "1"]

{[%evp 13,133,18,26,18,13,14,16,15,22,15,15,8,22,20,21,22,29,-12,0,1,0,-33,0,0,0,0,0,-1,0,0,0,0,6,0,62,52,64,50,50,48,52,52,44,44,44,44,53,60,59,57,58,51,89,50,44,45,56,41,89,89,87,85,97,102,93,81,98,121,233,232,215,214,352,112,241,234,352,372,418,413,365,284,256,243,307,323,281,181,518,463,463,463,439,431,424,394,280,277,852,810,816,661,795,16,754,745,697,702,656,637,601,576,1297,574,29970,29971,29972,29972,29972,29973,29975,29976]} 1. e4 c6 2. d4 d5 3. e5 Bf5 4. Nf3 e6 5. Be2 c5 6. Be3 cxd4 {6...Qb6 is more fashionable. Played by Maxime Vachier Lagrave in May 2020.} 7. Nxd4 Ne7 $1 8. Nd2 {B12: Caro-Kann: Advance Variation.} Nbc6 9. N2f3 Be4 10. O-O {The position is equal.} Bxf3 11. Nxf3 Ng6 12. Bb5 Be7 13. c4 O-O 14. cxd5 exd5 {[#]} 15. Rc1 $146 ({Predecessor:} 15. Qb3 Qd7 16. Rfd1 Rfd8 17. Rac1 a6 18. Bxc6 bxc6 19. Qa4 Rac8 20. b4 Qb7 21. a3 {½-½ (40) Zhigalko,S (2649)-Ipatov,A (2561) Plovdiv 2012}) 15... Ncxe5 16. Nxe5 Nxe5 17. f4 (17. Qb3 {looks sharper.} Ng4 18. Bd4 Qd6 19. g3 Rfd8 20. h3) 17... Nc4 18. Bxc4 dxc4 19. Rxc4 Bf6 20. b3 Re8 21. Qxd8 Raxd8 22. Kf2 Rd7 23. Rfc1 g6 (23... Bd8 $11) 24. Rc8 $14 Rxc8 25. Rxc8+ {[%mdl 4096] Endgame KRB-KRB} Kg7 26. Bxa7 Rd2+ {[%mdl 64] Double Attack} 27. Kf3 Rxa2 28. Bc5 $1 {[%cal Rc5f8] Intending Bf8+ and mate.} h5 29. Rb8 Rc2 30. Bf8+ Kg8 31. Bb4+ Kg7 32. Rxb7 Bd4 33. Be1 Rc1 34. Ke2 Rb1 35. h4 Rb2+ 36. Kd3 {Black is now going downhill.} Bf6 37. g3 Rb1 38. Bf2 Rb2 39. Ke3 Rc2 40. Kf3 Rc3+ (40... Bd8 $16 41. Rd7 Bf6) 41. Ke4 $18 Rc2 42. Be3 $1 Rg2 (42... Rc8 $142 43. Rb5 Re8+ 44. Kf3 Rc8) 43. Kf3 $2 (43. b4 $18) 43... Rb2 (43... Rc2 $16) 44. b4 $1 Rb3 (44... Bc3 {was worth a try.} 45. Bc5 Kf6) 45. Ke4 Bc3 46. b5 Kf6 47. Rb6+ Kg7 48. f5 Rb4+ 49. Kd5 $1 gxf5 50. Rb8 Be5 $2 (50... Be1 {is more resistant.}) 51. Kxe5 Re4+ 52. Kxf5 Rxe3 {KR-KR} 53. Kf4 Rb3 54. b6 Kf6 55. Ke4 $1 Rxg3 $2 (55... Ke6 56. b7 Rb4+ 57. Kd3 Kf6) 56. Kd5 Rb3 57. Kc6 Rc3+ 58. Kd7 $2 (58. Kd6 $18 {aiming for Rh8.} Rb3 59. Kc5) 58... Rb3 $2 {[%mdl 8192] [#]} (58... Rd3+ $11 59. Kc6 Rc3+ 60. Kb5 Rb3+ 61. Kc5 Ke6) 59. Kc7 $1 Rc3+ 60. Kd6 Rb3 {[#]} 61. Kc5 $1 Rc3+ 62. Kb4 Rh3 63. Rh8 (63. Rc8 $142 Rh2 64. Kc3 Rh3+ 65. Kc4 Rxh4+ 66. Kc5) 63... Rxh4+ 64. Kc5 {White mates.} Kg7 65. Re8 Rh1 66. b7 Rb1 67. b8=Q {Accuracy: White = 80%, Black = 51%.} 1-0

[Event "Open Desko Liberec 2020"]
[Site "Liberec"]
[Date "2020.07.21"]
[Round "5"]
[White "Sernecki, Franciszek"]
[Black "Sykora, Marek"]
[Result "1-0"]
[WhiteElo "2243"]
[BlackElo "2083"]
[Annotator "ChessBase"]
[PlyCount "61"]
[EventDate "2020.??.??"]
[EventCountry "CZE"]
[SourceTitle "playchess.com"]
[Source "ChessBase"]
[SourceQuality "1"]
[TimeControl "40/5400+30:1800+30"]

1. e4 e5 2. Nf3 Nc6 3. Bb5 a6 4. Ba4 Nf6 5. O-O b5 6. Bb3 Be7 7. d3 d6 8. a3 O-O 9. Nc3 Bg4 10. Be3 Qd7 11. h3 Bh5 12. Nd5 Nd8 13. Nxe5 dxe5 14. Nxf6+ Bxf6 15. Qxh5 Ne6 16. Qg4 Rfe8 17. Rad1 Rad8 18. c3 c6 19. g3 Ng5 20. Bxg5 Qxg4 21. hxg4 Bxg5 22. f4 exf4 23. gxf4 Be7 24. Rf3 h6 25. Kg2 Kf8 26. Rh1 Rd6 27. g5 Bd8 28. e5 Rg6 29. Kf1 Ke7 30. d4 f5 31. exf6+ 1-0

[Event "Open Desko Liberec 2020"]
[Site "Liberec"]
[Date "2020.07.21"]
[Round "5"]
[White "Belaska, Premysl"]
[Black "Bradac, Daniel"]
[Result "1-0"]
[WhiteElo "2224"]
[BlackElo "2011"]
[Annotator "ChessBase"]
[PlyCount "61"]
[EventDate "2020.??.??"]
[EventCountry "CZE"]
[SourceTitle "playchess.com"]
[Source "ChessBase"]
[SourceQuality "1"]
[TimeControl "40/5400+30:1800+30"]

1. e4 d5 2. exd5 Qxd5 3. Nc3 Qd8 4. Nf3 Nf6 5. h3 a6 6. a4 b6 7. Bc4 e6 8. d3 Bb7 9. Qe2 Bb4 10. O-O O-O 11. Ne4 Be7 12. c3 c5 13. Bf4 Bd5 14. Rfd1 Nbd7 15. Ne5 Nxe5 16. Bxe5 Ra7 17. Nxf6+ Bxf6 18. d4 Bxe5 19. dxe5 Qa8 20. Bxd5 exd5 21. Rd2 Qc6 22. f4 Rd8 23. Rad1 h6 24. Qf3 Qe6 25. Rxd5 Rxd5 26. Rxd5 a5 27. f5 Qe8 28. Qd3 Qxa4 29. Rd8+ Kh7 30. f6+ g6 31. Rh8+ 1-0

[Event "Open Desko Liberec 2020"]
[Site "Liberec"]
[Date "2020.07.21"]
[Round "5"]
[White "Buchcar, Tomas"]
[Black "Cibulka, Josef"]
[Result "0-1"]
[WhiteElo "2172"]
[BlackElo "1938"]
[Annotator "ChessBase"]
[PlyCount "48"]
[EventDate "2020.??.??"]
[EventCountry "CZE"]
[SourceTitle "playchess.com"]
[Source "ChessBase"]
[SourceQuality "1"]
[TimeControl "40/5400+30:1800+30"]

1. Nf3 Nf6 2. e3 g6 3. b3 Bg7 4. Bb2 O-O 5. Be2 d6 6. O-O e5 7. d3 Nc6 8. c4 Nh5 9. Ne1 Nf6 10. a3 a5 11. Nd2 h5 12. Qc2 Qe7 13. Nef3 Nh7 14. Bc3 f5 15. b4 axb4 16. axb4 Rxa1 17. Rxa1 e4 18. dxe4 fxe4 19. Nd4 Nxd4 20. exd4 e3 21. Qe4 exf2+ 22. Kh1 Qxe4 23. Nxe4 Bg4 24. Bd3 Rf3 0-1

[Event "Open Desko Liberec 2020"]
[Site "Liberec"]
[Date "2020.07.21"]
[Round "5"]
[White "Karlik, Vladimir"]
[Black "Finek, Vaclav"]
[Result "1/2-1/2"]
[WhiteElo "2143"]
[BlackElo "2203"]
[Annotator "ChessBase"]
[PlyCount "74"]
[EventDate "2020.??.??"]
[EventCountry "CZE"]
[SourceTitle "playchess.com"]
[Source "ChessBase"]
[SourceQuality "1"]
[TimeControl "40/5400+30:1800+30"]

1. d4 Nf6 2. Nf3 g6 3. Bg5 Bg7 4. Nbd2 O-O 5. e4 d5 6. exd5 Nxd5 7. c3 c5 8. dxc5 Qc7 9. Nb3 Rd8 10. Qc1 Nd7 11. Be2 Nxc5 12. Nxc5 Qxc5 13. O-O Bf5 14. Rd1 Rac8 15. Nd4 Be4 16. Bh6 Bf6 17. Bf1 e5 18. Nb3 Qe7 19. Be3 b6 20. a3 Nxe3 21. Rxd8+ Rxd8 22. Qxe3 Bc2 23. Nc1 Bg5 24. Qe2 Rd2 25. Qe1 Bf5 26. b4 Rd8 27. Ra2 e4 28. Ne2 e3 29. Nd4 Be4 30. fxe3 Bd5 31. Ra1 f5 32. Rd1 Bf7 33. Ba6 Re8 34. Nf3 Bxe3+ 35. Kh1 f4 36. Qe2 Rd8 37. Bc4 Qc7 1/2-1/2

[Event "Open Desko Liberec 2020"]
[Site "Liberec"]
[Date "2020.07.21"]
[Round "5"]
[White "Paulus, Vaclav"]
[Black "Liska, Jiri"]
[Result "1/2-1/2"]
[WhiteElo "2051"]
[BlackElo "2272"]
[Annotator "ChessBase"]
[PlyCount "100"]
[EventDate "2020.??.??"]
[EventCountry "CZE"]
[SourceTitle "playchess.com"]
[Source "ChessBase"]
[SourceQuality "1"]
[TimeControl "40/5400+30:1800+30"]

1. e4 c5 2. Nf3 Nc6 3. d4 cxd4 4. Nxd4 Nf6 5. Nc3 e5 6. Ndb5 d6 7. Bg5 a6 8. Na3 b5 9. Bxf6 gxf6 10. Nd5 Bg7 11. Bd3 Ne7 12. Nxe7 Qxe7 13. O-O d5 14. exd5 f5 15. Re1 O-O 16. Qh5 e4 17. c3 Qf6 18. Bc2 Bb7 19. Rad1 Rad8 20. g4 Rfe8 21. Qxf5 Qxf5 22. gxf5 Rxd5 23. Rxd5 Bxd5 24. Bb3 Bb7 25. Rd1 Bc8 26. Rd5 Be5 27. Nc2 Bxf5 28. Nd4 Bh3 29. Nc6 Bf4 30. Rd8 Kf8 31. Rxe8+ Kxe8 32. Bd5 e3 33. fxe3 Bxe3+ 34. Kh1 Kd7 35. Nb8+ Kd6 36. Bxf7 Bc8 37. Kg2 Bb7+ 38. Kg3 Kc7 39. Nxa6+ Bxa6 40. a4 bxa4 41. Be8 Bc1 42. Bxa4 Bxb2 43. Bc2 Be2 44. h4 h6 45. Bg6 h5 46. c4 Bc1 47. Bf7 Kd6 48. Bd5 Bd3 49. Bf7 Be2 50. Bd5 Ke5 1/2-1/2

[Event "Open Desko Liberec 2020"]
[Site "Liberec"]
[Date "2020.07.21"]
[Round "5"]
[White "Cermak, Jan"]
[Black "Kucera, Petr"]
[Result "0-1"]
[WhiteElo "2019"]
[BlackElo "2230"]
[Annotator "ChessBase"]
[PlyCount "62"]
[EventDate "2020.??.??"]
[EventCountry "CZE"]
[SourceTitle "playchess.com"]
[Source "ChessBase"]
[SourceQuality "1"]
[TimeControl "40/5400+30:1800+30"]

1. e4 c6 2. Nf3 d5 3. Nc3 Bg4 4. h3 Bxf3 5. Qxf3 Nf6 6. d3 e6 7. g3 Bb4 8. Bd2 d4 9. Nb1 Be7 10. Bg2 Qb6 11. Bc1 e5 12. O-O c5 13. Nd2 Nc6 14. a4 Qc7 15. Nc4 O-O 16. Qe2 Nd7 17. f4 f6 18. Rf2 a6 19. a5 b5 20. axb6 Nxb6 21. Nxb6 Qxb6 22. f5 a5 23. Bf1 a4 24. g4 c4 25. dxc4 d3 26. Qxd3 Bc5 27. Qg3 Nb4 28. Bd3 Nxd3 29. cxd3 Rfd8 30. Ra3 Bxa3 31. bxa3 Qb1 0-1

[Event "Open Desko Liberec 2020"]
[Site "Liberec"]
[Date "2020.07.21"]
[Round "5"]
[White "Wuensch, Ulrich"]
[Black "Harbuz, Trayan"]
[Result "0-1"]
[WhiteElo "2013"]
[BlackElo "2109"]
[Annotator "ChessBase"]
[PlyCount "78"]
[EventDate "2020.??.??"]
[EventCountry "CZE"]
[SourceTitle "playchess.com"]
[Source "ChessBase"]
[SourceQuality "1"]
[TimeControl "40/5400+30:1800+30"]

1. d4 Nf6 2. Nf3 c5 3. e3 g6 4. c3 Bg7 5. Nbd2 b6 6. e4 cxd4 7. cxd4 Bb7 8. Bd3 O-O 9. O-O d6 10. Qe2 Nfd7 11. Rd1 Nc6 12. Nb3 Nb4 13. Bc4 a5 14. Bd2 d5 15. exd5 Nxd5 16. a4 N7f6 17. Ne5 Qd6 18. Bb5 Nh5 19. g3 Ndf4 20. gxf4 Qd5 21. Bc6 Bxc6 22. Nxc6 Qxc6 23. Qd3 e6 24. Be3 Qd5 25. Nd2 Bh6 26. Ne4 Rfd8 27. Rac1 Qf5 28. Rc6 Rab8 29. Ng5 Qg4+ 30. Kf1 Nxf4 31. Bxf4 Qxf4 32. Nf3 Bg7 33. b3 Bf6 34. Qe3 Qg4 35. d5 Bg5 36. Qxg5 Qxf3 37. Rd2 Rxd5 38. Rxd5 exd5 39. Rxb6 Re8 0-1

[Event "Open Desko Liberec 2020"]
[Site "Liberec"]
[Date "2020.07.22"]
[Round "6"]
[White "Liska, Jiri"]
[Black "Bures, Jaroslav"]
[Result "1/2-1/2"]
[WhiteElo "2272"]
[BlackElo "2382"]
[Annotator "TA"]
[PlyCount "85"]
[EventDate "2020.??.??"]
[EventCountry "CZE"]
[SourceTitle "playchess.com"]
[Source "ChessBase"]
[SourceQuality "1"]

{[%evp 10,85,12,9,27,7,21,25,20,14,14,14,14,14,14,14,14,14,14,14,14,14,14,14,14,0,0,0,0,0,0,0,0,0,0,0,58,15,69,69,69,69,69,64,96,96,119,100,100,100,110,100,132,130,132,147,147,56,56,56,75,68,93,87,84,72,116,43,43,0,0,0,7,7,112,110,117,2]} 1. e4 c6 2. d4 d5 3. e5 Bf5 4. Nd2 e6 5. Nb3 Nd7 6. Nf3 c5 {B12: Caro-Kann: Advance Variation.} 7. dxc5 Bxc5 8. Nxc5 Nxc5 {White has an edge.} 9. Bb5+ Nd7 {[#] Hoping for ...Qa5+.} 10. O-O Ne7 11. Bg5 a6 {[#]} 12. Bxd7+ $146 ({Predecessor:} 12. Bxe7 Qxe7 13. Bxd7+ Qxd7 14. Nd4 Be4 15. Qg4 O-O 16. f3 Bg6 17. h4 h6 18. h5 {½-½ (55) Janik,I (2425)-Villegas,P (2295) Warsaw 2017}) 12... Qxd7 13. Bxe7 Qxe7 14. Nd4 Bg6 15. c3 O-O 16. a4 Rac8 17. Re1 Rc4 18. Qb3 Qc7 19. a5 Rc5 20. Qb4 Rb8 21. h3 h6 22. Qb6 Bd3 (22... Qe7 $11) 23. Ra3 Bb5 (23... Qc8 $11) 24. Qxc7 $14 Rxc7 25. Rb3 Rc5 26. f4 Bc4 27. Rb6 Bb5 28. Kf2 Bd7 29. Ra1 Kf8 30. Ke3 Ke7 31. g4 g6 32. Ra3 Kd8 33. Kd2 (33. f5 $16) 33... Kc7 $1 34. Rd6 Rd8 35. Ra1 Bc8 36. b4 $36 {[%mdl 2048] White is on the roll.} Rc4 37. Rb6 Rh8 {[#]} 38. Rf1 ({Better is} 38. b5 $1 $16) 38... h5 {aiming for ...hxg4.} 39. Rf3 hxg4 40. hxg4 Rh4 41. f5 Rxg4 (41... exf5 $11 {keeps the balance.} 42. gxf5 Bxf5) 42. fxg6 $16 fxg6 43. Nxe6+ {Accuracy: White = 81%, Black = 76%.} (43. b5 $16) 1/2-1/2

[Event "Open Desko Liberec 2020"]
[Site "Liberec"]
[Date "2020.07.22"]
[Round "6"]
[White "Kucera, Petr"]
[Black "Cakl, Zdenek"]
[Result "1-0"]
[WhiteElo "2230"]
[BlackElo "2082"]
[Annotator "TA"]
[PlyCount "103"]
[EventDate "2020.??.??"]
[EventCountry "CZE"]
[SourceTitle "playchess.com"]
[Source "ChessBase"]
[SourceQuality "1"]

{[%evp 17,103,12,22,21,29,18,44,12,31,18,35,45,45,0,0,0,0,0,0,-14,-10,-40,-10,-18,-10,-14,0,0,0,-22,-4,-6,22,22,22,20,29,5,6,7,13,5,4,0,0,0,0,0,6,5,5,4,11,8,5,8,6,4,5,0,8,16,41,37,41,41,44,41,62,60,46,0,42,44,116,124,147,46,50,54,220,216,195,128,1179,1124,929,802]} 1. d4 d5 2. Nf3 e6 3. c4 Nf6 4. Nc3 Be7 5. Bg5 Nbd7 6. e3 h6 7. Bh4 O-O 8. Bd3 dxc4 9. Bxc4 c5 10. O-O {D60: Queen's Gambit Declined: Classical: Unusual White 7th moves.} b6 11. Qe2 Bb7 12. dxc5 {White is slightly better.} Nxc5 13. Rfd1 Qc8 14. Rac1 Rd8 {[#]} 15. Nb5 $146 ({Predecessor:} 15. a3 Rxd1+ 16. Qxd1 Qd8 17. h3 Nfe4 18. Qxd8+ Bxd8 19. Nxe4 Nxe4 {½-½ (19) Botham,C (2035)-Badger,P England 2014}) 15... Rxd1+ 16. Qxd1 Qf8 17. Nbd4 Rd8 18. Qe2 Rc8 19. Rd1 a6 20. a3 b5 21. Ba2 Nfe4 22. Bxe7 Qxe7 23. Ne1 Nf6 24. Rc1 Nce4 25. Rxc8+ Bxc8 26. Qc2 Qc5 27. Nd3 (27. f3 {is more complex.} Qxc2 28. Ndxc2 Nd6 29. Kf2 Kf8 30. e4) 27... Qxc2 28. Nxc2 Nd7 29. Kf1 Kf8 30. Ke2 Ke7 31. f3 Nec5 32. Nd4 Bb7 33. e4 Nxd3 34. Kxd3 $11 {[%mdl 4096] Endgame KBN-KBN} Nc5+ 35. Kd2 Kd6 36. b4 Nd7 37. Ke3 Ne5 38. h3 Nc6 39. f4 Ne7 40. g3 Ba8 41. h4 Bb7 42. Bb3 Bc8 43. Nf3 Nc6 44. Nd4 Ne7 45. e5+ Kc7 (45... Kd7 $1 $14) 46. h5 $1 $16 Bb7 {[#]} 47. g4 ({White should play} 47. f5 $1 $16) 47... Bd5 $14 48. Bc2 f6 $2 {[#]} (48... Kd7 $14) 49. exf6 $1 $18 gxf6 {[#]} 50. g5 $1 {[%mdl 512]} e5 $2 {[%mdl 8192]} (50... Ng8 $16) (50... fxg5 51. fxg5) 51. gxh6 exd4+ 52. Kxd4 {Accuracy: White = 88%, Black = 71%.} 1-0

[Event "Open Desko Liberec 2020"]
[Site "Liberec"]
[Date "2020.07.22"]
[Round "6"]
[White "Kucera, Petr"]
[Black "Paulus, Vaclav"]
[Result "1-0"]
[WhiteElo "2230"]
[BlackElo "2051"]
[Annotator "TA"]
[PlyCount "99"]
[EventDate "2020.??.??"]
[EventCountry "CZE"]
[SourceTitle "playchess.com"]
[Source "ChessBase"]
[SourceQuality "1"]

{[%evp 20,99,47,38,55,30,36,46,35,36,38,24,22,19,9,7,22,18,18,17,22,14,24,0,31,34,36,35,56,56,62,18,57,62,95,97,121,122,129,118,250,251,242,250,250,241,181,214,188,196,340,332,378,385,398,376,368,361,512,512,494,479,475,446,540,479,589,581,603,565,1755,1663,2333,2329,2037,1909,1828,1622,5077,5222,4614,4133]} 1. d4 Nf6 2. c4 c5 3. Nf3 g6 4. Nc3 cxd4 5. Nxd4 Bg7 6. e4 d6 7. Be2 O-O 8. O-O Nc6 9. Be3 Bd7 10. Qd2 Nxd4 11. Bxd4 a5 {B38: Sicilian: Maroczy Bind with 5...Bg7 and 7...0-0.} 12. Rad1 Bc6 13. Qe3 Nd7 {With the idea ...e5.White is slightly better.} 14. Bxg7 Kxg7 {[#]} 15. Rfe1 $146 (15. Rd3 {feels hotter.} Qb6 16. Qd2 Nf6 17. Nd5 Bxd5 18. exd5 a4 19. g4) ({Predecessor:} 15. Rd4 Qb6 16. Qd2 Qc5 17. Kh1 Nf6 18. f3 a4 19. Rc1 Rfc8 20. Rd1 h5 21. Qe1 Qg5 22. Qd2 {½-½ (22) Diermair,A (2502)-Liu,Z (2323) Graz 2019}) 15... Qb6 16. Qxb6 (16. Qd2 {is interesting.} a4 17. Nd5 Bxd5 18. exd5 Rfe8 19. g3) 16... Nxb6 17. b3 Nd7 18. f4 f6 19. Bg4 Nc5 20. Nd5 Bxd5 21. Rxd5 Rad8 22. e5 fxe5 23. fxe5 Rf4 24. Bf3 b6 25. Re3 Rff8 26. a3 {[%cal Ba2a3,Ba3b4][%mdl 32]} dxe5 27. Rdxe5 Rf7 28. b4 axb4 29. axb4 Nd3 {This move loses the game for Black.} (29... Na6 $16) 30. Rd5 $1 $18 {[%cal Rd5d8]} (30. Rxe7 Rxe7 31. Rxe7+ Kf6 $16) 30... Rxd5 31. Bxd5 {[%mdl 4096] Endgame KRB-KRN} e6 32. Bxe6 ({Weaker is} 32. Rxd3 exd5 33. Rxd5 (33. cxd5 Rd7 $11) 33... Rf4 $16) ({Stronger than} 32. Rxe6 Nxb4 33. Bf3 (33. Rxb6 Nxd5 34. cxd5 Rd7 $11) 33... Rf6 $11) 32... Re7 {...Nf4 is the strong threat.} 33. Rxd3 Rxe6 {KR-KR} 34. Rd7+ Kf6 (34... Kh6 $142 35. b5 Re4) 35. Rxh7 Ke5 36. Rh4 Rd6 37. Rg4 Kf5 {[#]} 38. h3 $1 Rd3 (38... Rd2 $142 39. Rh4 Ra2) 39. Kf2 {White is clearly winning.} Rb3 {[#]} 40. b5 $1 Rc3 41. Ke2 g5 42. Kd2 Rb3 43. Kc2 Re3 44. Rd4 Rg3 45. Rd6 Rxg2+ 46. Kc3 Rg3+ 47. Kb4 Rxh3 48. Rxb6 g4 49. Rb8 Rh6 50. Rg8 {Accuracy: White = 94%, Black = 50%.} 1-0

[Event "Open Desko Liberec 2020"]
[Site "Liberec"]
[Date "2020.07.22"]
[Round "6"]
[White "Finek, Vaclav"]
[Black "Holasek, Pavel"]
[Result "1/2-1/2"]
[WhiteElo "2203"]
[BlackElo "2065"]
[Annotator "TA"]
[PlyCount "26"]
[EventDate "2020.??.??"]
[EventCountry "CZE"]
[SourceTitle "playchess.com"]
[Source "ChessBase"]
[SourceQuality "1"]

{[%evp 16,26,31,34,26,36,49,12,20,-4,0,6,0]} 1. e4 c5 2. Nf3 Nc6 3. d4 cxd4 4. Nxd4 g6 5. Nc3 Bg7 6. Be3 Nf6 7. Bc4 O-O 8. Bb3 a5 9. O-O Nxd4 {B35: Sicilian: Accelerated Dragon with 5 Nc3: main line.} 10. Bxd4 d6 11. Nd5 {[#]} Nxd5 $146 {The position is equal.} ({Predecessor:} 11... Nd7 12. Bxg7 Kxg7 13. f4 b5 14. c3 Bb7 15. Qd4+ Kg8 16. f5 a4 17. Bc2 Bxd5 18. exd5 {0-1 (59) Dolgun,C (2104)-Tasdogen,D (2215) Kocaeli 2017}) 12. Bxg7 Kxg7 13. Bxd5 Qb6 {Black got outplayed after the opening} 1/2-1/2

[Event "Open Desko Liberec 2020"]
[Site "Liberec"]
[Date "2020.07.22"]
[Round "6"]
[White "Koziorowicz, Michal"]
[Black "Belaska, Premysl"]
[Result "1-0"]
[WhiteElo "2087"]
[BlackElo "2224"]
[Annotator "TA"]
[PlyCount "57"]
[EventDate "2020.??.??"]
[EventCountry "CZE"]
[SourceTitle "playchess.com"]
[Source "ChessBase"]
[SourceQuality "1"]

{[%evp 13,57,28,37,36,46,56,85,70,79,75,43,60,63,87,67,43,61,0,108,-29,174,186,259,264,263,167,333,350,1386,1366,29984,29985,29985,29986,29986,29987,29987,29986,29988,29989,29989,29990,29990,29991,29991,29992]} 1. e4 d6 2. d4 Nf6 3. Nc3 g6 4. Be3 Bg7 5. Qd2 O-O 6. h4 h5 7. f3 c6 8. O-O-O {B07: Pirc Defence: Miscellaneous Systems.} b5 9. Nce2 Nbd7 10. g4 $1 {White is better.} hxg4 {[#]} 11. Ng3 $1 gxf3 12. h5 Ng4 {[#]} 13. Bh3 $146 ({Predecessor:} 13. Nxf3 Nb6 14. Bf4 c5 15. Bxb5 cxd4 16. Rdg1 Qc7 17. Nf5 gxf5 18. Bh6 Bf6 19. exf5 Bxf5 20. Bd3 Kh8 21. Bxf5 Nc4 22. Qf4 Rg8 23. Bg5 {1-0 (23) Jordan Rodriguez,M-Schelberg,M (1784) ICCF email 2019}) 13... Nxe3 14. Qxe3 Nb6 $1 {[%cal Rb6c4]} 15. b3 ({White should try} 15. Nxf3 $14 Nc4 16. Qd3) 15... c5 (15... Bxh3 $11 {keeps the balance.} 16. Rxh3 {[#]} f2 $1 {[%mdl 512]} 17. Qxf2 e5) 16. dxc5 (16. Nxf3 $16 Qc7 17. dxc5) 16... Nc4 $2 {Black cannot hold the game after this.} (16... Bxh3 $11 {and Black has nothing to worry.} 17. h6 Be5 18. Nxf3 Qc8 19. Nxe5 dxe5) 17. bxc4 $18 bxc4 (17... Qa5 {is a better defense.}) 18. Nxf3 {Hoping for h6.} Qa5 {Strongly threatening ...Rb8.} 19. e5 {Black must now prevent h6.} ({Don't do} 19. cxd6 $6 Bxh3 20. Rxh3 Qxa2 $16) 19... Bb7 $2 (19... c3 20. Rd3 Qxa2 21. Rxc3 dxe5) 20. hxg6 {aiming for Nf5.} Bxf3 $2 (20... c3 21. Rd3 Qxa2 22. Rxc3 Bxf3) 21. Nf5 Bxe5 22. Nxe7+ {White mates.} Kg7 23. Nf5+ {[%mdl 64] Double Attack} Kg8 24. gxf7+ Rxf7 25. Qxf3 Bf4+ 26. Qxf4 {[%mdl 64] Double Attack} Qa3+ {[#]} 27. Kd2 $1 Qa5+ {[#]} 28. Ke2 $1 Re8+ {[#]} 29. Kf1 $1 {Accuracy: White = 73%, Black = 41%.} 1-0